|
|
|
|
| LEADER |
00000nab a2200000 ar4500 |
| 001 |
vtls008946177 |
| 003 |
SK-MaSNL |
| 005 |
20260303070442.0 |
| 008 |
070215c2007 xo mr|p|||||||000 b|slo |
| 015 |
|
|
|a SNBRB2007/02
|2 snkbucl
|
| 038 |
|
|
|a SNKBUCL
|
| 040 |
|
|
|a SNKBUCL
|b slo
|c SNKBUCL
|e AACR2
|
| 041 |
0 |
|
|a slo
|
| 044 |
|
|
|a xo
|c SK
|
| 080 |
|
|
|a 791.079
|x (430)
|2 2001
|
| 245 |
0 |
0 |
|a Slovensko sa ukáže na festivale v Berlíne
|c [autor] (uwe)
|
| 300 |
|
|
|b Fotogr.
|
| 600 |
1 |
7 |
|a Pauhofová, Táňa,
|d 1983-
|2 snkbucl
|9 103520
|
| 611 |
2 |
7 |
|a Berlinale
|n (57. :
|d 2007 :
|c Berlín, Nemecko)
|2 snkbucl
|9 1031862
|
| 773 |
0 |
|
|t Film.sk
|g Roč. 8, č. 2 (2007), s. 8-9
|x 1335-8286
|
| 852 |
|
|
|a SNK
|b KIS3GCP
|
| 958 |
|
|
|a DE
|
| 958 |
|
|
|a SK
|
| 999 |
|
|
|c 1755430
|d 1757360
|